[Event "USA-op"]
[Site "Chicago"]
[Date "1994.??.??"]
[Round "7"]
[White "Yermolinsky, Alex"]
[Black "Curdo, John"]
[Result "1-0"]
[WhiteElo "2590"]
[BlackElo "2315"]

1.d4 f5 2.Nc3 Nf6 3.Bg5 e6 4.e4 fxe4 5.Nxe4 Be7 6.Bxf6 Bxf6 7.Nf3 Nc6 8.c3 O-O
9.Qc2 d5 10.Nxf6+ Qxf6 11.Bb5 Qf5 12.Qxf5 Rxf5 13.Bxc6 bxc6 14.O-O Rb8 15.b4 Bd7
16.Ne5 Rd8 17.Rab1 Kf8 18.Rb3 Ke7 19.Ra3 Ra8 20.Ra6 Kd6 21.Re1 Rff8 22.Re3 Rfb8
23.Rg3 Rg8 24.a4 Be8 25.h4 Bd7 26.h5 Be8 27.h6 g6 28.Rf3  1-0

[Event "USA-ARM"]
[Site "Glendale"]
[Date "1994.??.??"]
[Round "2"]
[White "Yermolinsky, Alex"]
[Black "Akopian, Vladimir"]
[Result "1/2-1/2"]
[WhiteElo "2620"]
[BlackElo "2605"]

1.e4 c5 2.Nf3 d6 3.d4 cxd4 4.Nxd4 Nf6 5.Nc3 a6 6.Be2 e6 7.O-O Be7 8.f4 Qc7
9.a4 Nc6 10.Be3 O-O 11.Kh1 Re8 12.Bg1 Rb8 13.Qd3 e5 14.fxe5 dxe5 15.Qg3 Nxd4
16.Bxd4 Bd8 17.Ba7 Ra8 18.Be3 Kh8 19.Bg5 Be6 20.Rad1 Ng8 21.Be3 Nf6 22.Bg5 Ng8
23.Be3  1/2-1/2

[Event "USA-ARM"]
[Site "Glendale"]
[Date "1994.??.??"]
[Round "3"]
[White "Akopian, Vladimir"]
[Black "Yermolinsky, Alex"]
[Result "1/2-1/2"]
[WhiteElo "2605"]
[BlackElo "2620"]

1.e4 Nf6 2.Nc3 d5 3.exd5 Nxd5 4.Bc4 Nxc3 5.Qf3 e6 6.Qxc3 Nd7 7.Nf3 Nf6 8.O-O Be7
9.d4 O-O 10.Ne5 c5 11.Be3 Qc7 12.Rad1 b6 13.dxc5 bxc5 14.Bf4 Nh5 15.Bc1 Bd6
16.Qf3 Bxe5 17.Qxh5 Bb7 18.Rfe1 Bf6 19.Rd3 g6 20.Qg4 Rad8 21.c3 Rxd3 22.Bxd3 Rd8
23.Bc2 Qc6 24.Ba4 Qa6 25.Bb3 Qc6 26.Ba4 Qa6 27.Bb3 Qc6  1/2-1/2

[Event "Las Vegas op"]
[Site "Las Vegas"]
[Date "1994.??.??"]
[Round "?"]
[White "Yermolinsky, Alex"]
[Black "Zlotnikov, Mikhail"]
[Result "1-0"]
[WhiteElo "2620"]
[BlackElo "2400"]

1.e4 g6 2.d4 Bg7 3.Nc3 c6 4.h3 d6 5.Nf3 Nf6 6.Bd3 O-O 7.O-O Nbd7 8.e5 dxe5
9.dxe5 Nd5 10.Nxd5 cxd5 11.Re1 Nc5 12.Nd4 Bd7 13.Bg5 Re8 14.c3 Qb6 15.Rb1 a6
16.Bc2 Rad8 17.Be3 Qc7 18.f4 Ne4 19.Qf3 f5 20.exf6 exf6 21.f5 Re5 22.fxg6 hxg6
23.Bb3 Be8 24.Bf4 Bf7 25.Rbd1 Ng5 26.Qg3 Rxe1+ 27.Rxe1 Qc5 28.Bxg5 fxg5 29.Qxg5 Bxd4+
30.cxd4 Qxd4+ 31.Kh2 Rd7 32.h4 Qb4 33.Re5 Qd6 34.h5 Kg7 35.Bc2 d4 36.Bd3 Rc7
37.g3 Rd7 38.a3 b6 39.Re4 Rc7 40.Rf4 Rc5 41.h6+ Kh8 42.Qf6+ Qxf6 43.Rxf6 Rh5+
44.Kg1 Bd5 45.Be2 Rh1+ 46.Kf2 Rh2+ 47.Ke1 Be4 48.Rf4 d3 49.Rxe4 dxe2 50.Re6 Kh7
51.Rxb6 Kxh6 52.Rxa6 Rh1+ 53.Kxe2 Rh2+ 54.Ke3 Rxb2 55.Rd6 Rg2 56.Kf4 Rc2
57.Rd4 Rf2+ 58.Kg4 Rf1 59.a4 Rf2 60.a5 Ra2 61.Rd5 Ra3 62.Kh4 Kg7 63.g4 Kf7
64.Kg5 Ra4 65.Rb5 Ke7 66.Rb7+ Kf8 67.Ra7 Ke8 68.a6 Kd8 69.Ra8+ Kc7 70.a7  1-0

[Event "Las Vegas op"]
[Site "Las Vegas"]
[Date "1994.??.??"]
[Round "?"]
[White "Brooks, Michael A"]
[Black "Yermolinsky, Alex"]
[Result "1-0"]
[WhiteElo "2440"]
[BlackElo "2620"]

1.e4 c5 2.Nf3 e6 3.d4 cxd4 4.Nxd4 Nf6 5.Nc3 d6 6.Be2 Be7 7.O-O O-O 8.f4 Nc6
9.Kh1 Qc7 10.Be3 Nxd4 11.Bxd4 e5 12.Be3 exf4 13.Bxf4 a6 14.Qd3 Be6 15.Qg3 Rad8
16.Rad1 Qb6 17.Be3 Qa5 18.Bd4 Ne8 19.Nd5 Bxd5 20.exd5 Qc7 21.Bd3 g6 22.Qe3 Ng7
23.Rde1 Rfe8 24.Bb6 Qc8 25.Qf2 f5 26.g4 Rd7 27.gxf5 Rf8 28.Qg2 Bh4 29.fxg6 Bxe1
30.gxh7+ Kh8 31.Rxe1 Rf4 32.Ba5 Rdf7 33.Bc3 Qf8 34.Rg1 Rf2 35.Qg3 R2f3 36.Qg5 Rf2
37.Rg3 Re7 38.Kg1 Ref7 39.Qxg7+ Rxg7 40.Bxg7+ Qxg7 41.Rxg7  1-0

[Event "Lloyds Bank op"]
[Site "London"]
[Date "1994.??.??"]
[Round "2"]
[White "Yermolinsky, Alex"]
[Black "Mah, Karl"]
[Result "1-0"]
[WhiteElo "2590"]
[BlackElo "2175"]

1.Nf3 Nf6 2.c4 g6 3.Nc3 Bg7 4.e4 d6 5.d4 O-O 6.h3 e5 7.d5 a5 8.Bg5 h6 9.Be3 Na6
10.Nd2 Nc5 11.Be2 c6 12.O-O cxd5 13.cxd5 Bd7 14.Bxc5 dxc5 15.Bb5 Bxb5 16.Nxb5 a4
17.Qe2 Qd7 18.b3 Rfc8 19.Nc3 axb3 20.Nc4 Qd8 21.a4 Ra6 22.Rab1 Ne8 23.Rxb3 Nd6
24.Rfb1 f5 25.Nxd6 Rxd6 26.Rxb7 fxe4 27.Qxe4 Qg5 28.Qc4 Qf5 29.Ne4 Rdd8 30.d6+ Kh8
31.Rf7 Qh5 32.Rxg7 Qf5 33.Rbb7 g5 34.Rh7+ Qxh7 35.Rxh7+ Kxh7 36.Qf7+ Kh8
37.Nf6  1-0

[Event "Lloyds Bank op"]
[Site "London"]
[Date "1994.??.??"]
[Round "5"]
[White "Gufeld, Eduard"]
[Black "Yermolinsky, Alex"]
[Result "0-1"]
[WhiteElo "2440"]
[BlackElo "2590"]

1.g3 d5 2.Bg2 e5 3.d3 Nc6 4.Nf3 Nf6 5.O-O Be7 6.Bg5 O-O 7.Nc3 Be6 8.e4 d4
9.Ne2 Nd7 10.Bd2 a5 11.c3 dxc3 12.Bxc3 Bb4 13.d4 exd4 14.Nfxd4 Nxd4 15.Qxd4 Bxc3
16.Nxc3 c6 17.Rfd1 Qb6 18.Qxb6 Nxb6 19.Rd4 Rfd8 20.Rad1 Rxd4 21.Rxd4 Kf8
22.f4 f6 23.h4 Ke7 24.Kf2 h6 25.h5 Rd8 26.Rxd8 Kxd8 27.Bf3 Ke7 28.b3 Nd7
29.Ke3 b5 30.Be2 Kd6 31.Kd4 c5+ 32.Ke3 b4 33.Na4 Kc6 34.Kd2 Nb6 35.Nxb6 Kxb6
36.Bc4 Bxc4 37.bxc4 Kc6 38.a4 Kd7 39.Kd3  0-1

[Event "Lloyds Bank op"]
[Site "London"]
[Date "1994.??.??"]
[Round "9"]
[White "Thipsay, Praveen Mahadeo"]
[Black "Yermolinsky, Alex"]
[Result "1/2-1/2"]
[WhiteElo "2505"]
[BlackElo "2590"]

1.e4 c5 2.Nf3 d6 3.d4 cxd4 4.Nxd4 Nf6 5.Nc3 Nc6 6.Be2 e5 7.Nf3 h6 8.O-O Be7
9.Re1 O-O 10.Bf1 Bg4 11.h3 Bh5 12.Be2 Bg6 13.Bd3 Rc8 14.a3 Qc7 15.Nh2 Nd4
16.Ng4 Qd8 17.Be3 Nxg4 18.Qxg4 Bg5 19.Bxd4 exd4 20.Nd5 h5 21.Qd1 Re8 22.g3 Qd7
23.Kg2 f5 24.exf5 Rxe1 25.Qxe1 Bxf5 26.h4 Qf7 27.Bxf5 Qxf5 28.Nb4 Bxh4 29.gxh4 Qg4+
30.Kf1 Qh3+ 31.Kg1 Qg4+ 32.Kf1  1/2-1/2

[Event "Moscow ol (Men)"]
[Site "Moscow"]
[Date "1994.??.??"]
[Round "2"]
[White "Yermolinsky, Alex"]
[Black "Johansen, Darryl K"]
[Result "1/2-1/2"]
[WhiteElo "2590"]
[BlackElo "2495"]

1.Nf3 Nf6 2.c4 e6 3.Nc3 Bb4 4.g3 b6 5.Bg2 Bb7 6.d3 O-O 7.e4 d5 8.e5 Nfd7
9.cxd5 Bxd5 10.O-O Bxc3 11.bxc3 Nc6 12.d4 f6 13.Qc2 fxe5 14.Ng5 Nf6 15.Nxe6 Bxe6
16.Bxc6 exd4 17.cxd4 Rb8 18.Ba3 Rf7 19.d5 Bd7 20.Rad1 Ne8 21.Rfe1 Nd6 22.f4 Qc8
23.Qa4 a5 24.Bxd6 cxd6 25.Rc1 Qd8 26.Qb5 h5 27.Re3 Qc7 28.Rce1 Bg4 29.a4 h4
30.Qd3 Bf5 31.Qe2 Bd7 32.Qb5 Bf5 33.Qb2 h3 34.Qd4 Rd8 35.Kf2 Rdf8 36.Rb3 Rb8
37.Rc3 Re7 38.Rce3 Rf7 39.Re8+ Rxe8 40.Rxe8+ Rf8 41.Qe3 Qf7 42.Rxf8+ Qxf8
43.Kf3 Qc8 44.Qxb6 Bg4+ 45.Ke3 Qf8 46.Bb5 Qe7+ 47.Kd2 Qe4 48.Qb8+  1/2-1/2

[Event "Moscow ol (Men)"]
[Site "Moscow"]
[Date "1994.??.??"]
[Round "3"]
[White "Westerinen, Heikki MJ"]
[Black "Yermolinsky, Alex"]
[Result "0-1"]
[WhiteElo "2370"]
[BlackElo "2590"]

1.e4 Nc6 2.d4 e5 3.dxe5 Nxe5 4.Nf3 Nxf3+ 5.Qxf3 Qf6 6.Qxf6 Nxf6 7.Bd3 d5
8.Nd2 Be6 9.exd5 Nxd5 10.a3 O-O-O 11.Ne4 h6 12.Bd2 f5 13.Nc3 g6 14.O-O-O Bg7
15.Bc4 Nf4 16.Bxe6+ Nxe6 17.Ne2 Rhe8 18.Bc3 Rxd1+ 19.Rxd1 Bf8 20.Re1 Kd7
21.Rd1+ Kc6 22.Nd4+ Nxd4 23.Bxd4 h5 24.Kd2 a5 25.a4 Bc5 26.Kc3 Re2 27.Bxc5 Kxc5
28.Rf1 c6 29.b3 b5 30.Kd3 Re6 31.axb5 cxb5 32.c3 Rd6+ 33.Kc2 a4 34.bxa4 bxa4
35.Ra1 Ra6 36.Ra3 h4 37.Kd3 g5 38.Kd2 g4 39.Ke3 Kc4 40.Kf4 Kd3 41.Kxf5 Kc2
42.c4 Kb2 43.Re3 a3 44.Kxg4 a2 45.Re1 a1=Q 46.Rxa1 Rxa1 47.Kxh4 Kc3 48.Kg5 Kxc4
49.h4 Kd5 50.Kf6 Ra2 51.f4 Rxg2 52.f5 Kd6 53.h5 Rh2  0-1

[Event "Moscow ol (Men)"]
[Site "Moscow"]
[Date "1994.??.??"]
[Round "8"]
[White "Yermolinsky, Alex"]
[Black "Hracek, Zbynek"]
[Result "1-0"]
[WhiteElo "2590"]
[BlackElo "2530"]

1.Nf3 d5 2.d4 Nf6 3.c4 e6 4.Nc3 c5 5.cxd5 Nxd5 6.e3 cxd4 7.exd4 Bb4 8.Bd2 Nc6
9.Bd3 O-O 10.O-O Be7 11.a3 Nxc3 12.bxc3 Bf6 13.Qe2 Bd7 14.Rab1 b6 15.h4 Ne7
16.h5 Bc6 17.Ne5 Bb7 18.Ng4 Nf5 19.h6 Qd5 20.Ne3 Nxe3 21.fxe3 Qd8 22.e4 g6
23.e5 Bg5 24.Rf2 Rc8 25.Rbf1 Rc7 26.Qd1 Bh4 27.Rf4 Bg5 28.Rg4 Bxd2 29.Qxd2 f5
30.exf6 Rcf7 31.Rgf4 Rxf6 32.Bc4 Bd5 33.Bxd5 exd5 34.Rxf6 Rxf6 35.Re1 Qd6
36.Re8+ Rf8 37.Qe3 Qf6 38.Re5 Qd6 39.Re7 a5 40.Rg7+ Kh8 41.a4 Qf6 42.Rd7 g5
43.Rxd5 Qxh6 44.Rxg5 Qf6 45.c4 Qf1+ 46.Kh2 Qf4+ 47.Qxf4 Rxf4 48.Rd5 Rf6 49.Kg3 Rc6
50.c5 bxc5 51.Rxc5 Ra6 52.Kf4 Kg7 53.Ke5 Kf7 54.Rc7+ Ke8 55.Rxh7 Rg6 56.Ra7 Kd8
57.d5 Rxg2 58.Rxa5 Kc7 59.Ra7+ Kb6 60.Rh7 Kc5 61.Rc7+ Kb6 62.Rc6+ Kb7 63.a5 Rg5+
64.Kd6 Rh5 65.Rb6+ Kc8 66.a6 Rh7 67.Kc5 Rg7 68.d6 Ra7 69.Kd5 Rh7 70.Rb7  1-0

[Event "Moscow ol (Men)"]
[Site "Moscow"]
[Date "1994.??.??"]
[Round "10"]
[White "Urday, Henry"]
[Black "Yermolinsky, Alex"]
[Result "1/2-1/2"]
[WhiteElo "2470"]
[BlackElo "2590"]

1.d4 Nf6 2.Nf3 g6 3.c4 Bg7 4.Nc3 d5 5.Bf4 O-O 6.e3 c5 7.dxc5 Qa5 8.Rc1 Rd8
9.Qa4 Qxc5 10.b4 Qc6 11.Qb3 Ne4 12.Be5 Bxe5 13.Nxe5 Qd6 14.Nxf7 Kxf7 15.Nxe4 dxe4
16.c5+ Be6 17.cxd6 Bxb3 18.dxe7 Kxe7 19.axb3 Nd7 20.Bb5 Rac8 21.Rxc8 Rxc8
22.Kd2 Nf6 23.Ra1 Rd8+ 24.Ke1 a6 25.Be2 Rc8 26.b5 axb5 27.Bxb5 Kd6 28.Bc4 Rc5
29.Ra8 b5 30.Ra6+ Kd7 31.Rxf6 bxc4 32.bxc4 Ke7 33.Rf4 Rxc4 34.f3 Rc1+ 35.Kd2 Rg1
36.Rxe4+ Kf6 37.Rf4+ Ke5 38.Rg4 Ra1 39.Ke2 Ra2+ 40.Kf1 Ra1+ 41.Kf2 Ra2+ 42.Kg3 Re2
43.Re4+ Kf6 44.h4 h5 45.f4 Re1 46.Re5 Rh1 47.Rg5 Ra1 48.e4 Rf1 49.Ra5 Re1
50.Ra6+ Kg7 51.Kf3 Rh1 52.Kg3 Rb1 53.Ra5 Rb3+ 54.Kh2 Rb4 55.Re5 Kf6 56.g3 Ra4
57.Kg2 Ra2+ 58.Kf3 Ra3+ 59.Kf2 Ra2+ 60.Ke3 Ra3+ 61.Kd4 Rxg3 62.f5 gxf5 63.Rxf5+ Kg6
64.Ke5 Rg1 65.Rf3 Rg2 66.Rf4 Rg1 67.Kd4 Ra1 68.e5 Ra4+ 69.Ke3 Ra3+ 70.Kf2 Ra2+
71.Ke3 Ra3+ 72.Kd2 Ra2+ 73.Kc3 Ra3+ 74.Kb4 Re3 75.Rf6+ Kg7 76.Rf5 Kg6 77.Rg5+ Kf7
78.Kc5 Re1 79.Rxh5 Ke6 80.Kd4 Rd1+  1/2-1/2

[Event "Moscow ol (Men)"]
[Site "Moscow"]
[Date "1994.??.??"]
[Round "11"]
[White "Rozentalis, Eduardas"]
[Black "Yermolinsky, Alex"]
[Result "1-0"]
[WhiteElo "2595"]
[BlackElo "2590"]

1.e4 Nf6 2.Nc3 d5 3.exd5 Nxd5 4.Bc4 c6 5.Qf3 Nf6 6.h3 Nbd7 7.Qe2 g6 8.Nf3 Nb6
9.Bb3 Bg7 10.O-O O-O 11.d3 Nbd5 12.Bd2 a5 13.a3 Be6 14.Nd4 Nxc3 15.Bxc3 Bd5
16.a4 e5 17.Nf3 Bxb3 18.cxb3 Re8 19.Rfe1 Nd5 20.Qe4 Nxc3 21.bxc3 Qd5 22.Rab1 f5
23.Qe2 e4 24.dxe4 Rxe4 25.Qc2 Rae8 26.c4 Qc5 27.Rxe4 Rxe4 28.Qd3 Qe7 29.Rd1 h6
30.Kf1 Kf7 31.g3 b6 32.h4 Bf6 33.Qc2 g5 34.hxg5 hxg5 35.Kg2 g4 36.Nd2 Re1
37.Rxe1 Qxe1 38.c5 bxc5 39.Nc4 Qe6 40.Nxa5 Qd5+ 41.Kg1 Bd4 42.Qc4 Ke8 43.Qe2+ Kd8
44.Nc4 Qd7 45.Qd2 Qe6 46.Qf4 Qe1+ 47.Kg2 Qb1 48.Qd6+ Ke8 49.Qe6+ Kd8 50.Nd6  1-0

[Event "Moscow ol (Men)"]
[Site "Moscow"]
[Date "1994.??.??"]
[Round "14"]
[White "Damljanovic, Branko"]
[Black "Yermolinsky, Alex"]
[Result "1/2-1/2"]
[WhiteElo "2505"]
[BlackElo "2590"]

1.Nf3 Nf6 2.c4 c5 3.g3 b6 4.Bg2 Bb7 5.O-O e6 6.b3 Be7 7.Bb2 O-O 8.Nc3 d5
9.e3 dxc4 10.bxc4 Nc6 11.Qe2 Qc7 12.Rfd1 Rfd8 13.Rac1 Rac8 14.d4 Na5 15.Nb5 Bxf3
16.Bxf3 Qb8 17.d5 a6 18.Nc3 e5 19.Ne4 Nxe4 20.Bxe4 Bd6 21.Bc3 Qc7 22.Rb1 Rb8
23.Rd2 g6 24.Bg2 Re8 25.e4 Qd7 26.Bf1 Qe7 27.Qd1 Red8 28.Rdb2 Bc7 29.h4 Nb7
30.Bd2 Nd6 31.Qf3 f6 32.Rc2 h5 33.Be3 Kg7 34.Bh3 Rf8 35.Be6 Qe8 36.Kg2 f5
37.exf5 gxf5 38.Bg5 Ne4 39.Qe3 Qg6 40.f4 Rfe8 41.Rf1 Rxe6 42.dxe6 Qxe6 43.Qf3 Kg6
44.Re2 exf4 45.Bxf4 Rb7 46.Bxc7 Rxc7 47.Qf4 Rf7 48.Rc2 b5 49.Rd1 bxc4 50.Rd8 c3  1/2-1/2

[Event "New York op"]
[Site "New York"]
[Date "1994.??.??"]
[Round "1"]
[White "Yermolinsky, Alex"]
[Black "Dominiguez, Jose M"]
[Result "1-0"]
[WhiteElo "2620"]
[BlackElo "2265"]

1.Nf3 Nf6 2.c4 d6 3.d4 Nbd7 4.Nc3 e5 5.e4 Be7 6.Be2 O-O 7.O-O c6 8.Qc2 Re8
9.Rd1 Qc7 10.Bg5 h6 11.Bh4 g5 12.Bg3 Nh5 13.b4 Nf4 14.Rab1 Nf8 15.d5 N8g6
16.dxc6 bxc6 17.b5 cxb5 18.Nxb5 Qc6 19.Bf1 Bg4 20.Rb3 Ne6 21.Qb1 Nc5 22.Re3 Bxf3
23.Rxf3 Rab8 24.Qc2 Qxe4 25.Qxe4 Nxe4 26.Bd3 Nc5 27.Bf5 Ne6 28.Rfd3 Ngf4
29.Bxf4 Nxf4 30.R3d2 Rb6 31.g3 Ne6 32.Bxe6 fxe6 33.Nxd6 Bxd6 34.Rxd6 Rxd6
35.Rxd6 Rc8 36.Rxe6 Kg7 37.Rxe5 Rxc4 38.Re7+ Kf6 39.Rxa7 g4 40.Kg2 Rc2 41.a4 Ra2
42.a5 Kf5 43.Ra8 Kg5 44.a6 Kg6 45.h3 h5 46.hxg4 hxg4 47.a7 Kh7 48.Kf1 Ra6
49.Ke2 Ra3 50.Kd2 Ra6 51.Ke3 Ra4 52.Rf8 Rxa7 53.Kf4 Rg7 54.Kf5  1-0

[Event "New York op"]
[Site "New York"]
[Date "1994.??.??"]
[Round "4"]
[White "Fishbein, Alexander"]
[Black "Yermolinsky, Alex"]
[Result "1-0"]
[WhiteElo "2525"]
[BlackElo "2620"]

1.e4 c5 2.Nf3 d6 3.d4 cxd4 4.Nxd4 Nf6 5.Nc3 Nc6 6.Be2 e5 7.Nf3 h6 8.O-O Be7
9.Re1 O-O 10.h3 Be6 11.Bf1 Qa5 12.a3 Rae8 13.Rb1 a6 14.b4 Qc7 15.Nd5 Bxd5
16.exd5 Na7 17.c4 b5 18.Bb2 bxc4 19.Rc1 Qb7 20.Bxc4 a5 21.Qe2 Rb8 22.Nd4 axb4
23.Nc6 bxa3 24.Bxa3 Nxc6 25.dxc6 Qc7 26.Ba6 Rb3 27.Qa2 Rb6 28.Bb7 Re8 29.Bb2 Rb5
30.Bc3 Nd5 31.Bd2 Bg5 32.Bxg5 hxg5 33.Qc4 Rc5 34.Qg4 Rxc1 35.Rxc1 Nf4 36.Qd7 Qxd7
37.cxd7 Rf8 38.Rc8 Ne6 39.Re8 Nd8 40.Bd5 g6 41.Kf1 Kg7 42.Ke2  1-0

[Event "New York op"]
[Site "New York"]
[Date "1994.??.??"]
[Round "5"]
[White "Yermolinsky, Alex"]
[Black "Zisman, Boris"]
[Result "1-0"]
[WhiteElo "2620"]
[BlackElo "2310"]

1.d4 d5 2.c4 c6 3.Nf3 Nf6 4.Nc3 e6 5.Bg5 Be7 6.e3 Nbd7 7.Bd3 dxc4 8.Bxc4 Nd5
9.Bxe7 Qxe7 10.O-O Nxc3 11.bxc3 e5 12.a4 O-O 13.Qb3 e4 14.Nd2 Nb6 15.Be2 Be6
16.c4 f5 17.a5 Nc8 18.Qa3 Qxa3 19.Rxa3 Rb8 20.Rb1 b6 21.f3 exf3 22.gxf3 Rb7
23.Kf2 g5 24.axb6 axb6 25.Ra6 Rc7 26.Rg1 h6 27.f4 g4 28.Nf3 h5 29.Ne5 Kh7
30.Bd3 Kh6 31.h3 Rf6 32.hxg4 hxg4 33.Nxg4+ Kg7 34.Nxf6+ Kxf6 35.Rh1 Kg7 36.Raa1 Rf7
37.Rag1+ Kf8 38.Rg6 Ke7 39.Rhh6 Bd7 40.Ke2  1-0

[Event "PCA-op"]
[Site "New York"]
[Date "1994.??.??"]
[Round "7"]
[White "Van Wely, Loek"]
[Black "Yermolinsky, Alex"]
[Result "1/2-1/2"]
[WhiteElo "2560"]
[BlackElo "2590"]

1.d4 Nf6 2.c4 g6 3.Nc3 d5 4.Nf3 Bg7 5.cxd5 Nxd5 6.e4 Nxc3 7.bxc3 c5 8.Rb1 O-O
9.Be2 Nc6 10.d5 Ne5 11.Nxe5 Bxe5 12.Qd2 b6 13.O-O e6 14.f4 Bg7 15.d6 e5 16.Bc4 Be6
17.Bxe6 fxe6 18.Qd3 Qd7 19.Be3 Rad8 20.Rbd1 Rf7 21.fxe5 Rxf1+ 22.Qxf1 Bxe5
23.Bg5 Rf8 24.Qd3 c4 25.Qd2 b5 26.Be7 Rf7 27.g3 a5 28.a3 Rf3 29.Rf1 Bxc3
30.Qd1 Rxf1+ 31.Qxf1 Bg7 32.a4 h5 33.e5 Bxe5 34.axb5 c3 35.Qd3 Kf7 36.b6 c2
37.Qxc2 Bd4+ 38.Kg2 Bxb6 39.Qe4 Qb5 40.Bh4 Bc5 41.Qe5 Qc6+ 42.Kh3  1/2-1/2

[Event "North Bay op"]
[Site "North Bay"]
[Date "1994.??.??"]
[Round "?"]
[White "Rozentalis, Eduardas"]
[Black "Yermolinsky, Alex"]
[Result "1/2-1/2"]
[WhiteElo "2595"]
[BlackElo "2590"]

1.e4 Nf6 2.e5 Nd5 3.g3 d6 4.exd6 cxd6 5.Bg2 Nb6 6.d4 g6 7.Nf3 Bg7 8.O-O O-O
9.Na3 Bg4 10.c3 Nc6 11.h3 Bxf3 12.Qxf3 d5 13.Nc2 e6 14.h4 Nc4 15.h5 f5 16.hxg6 hxg6
17.Ne1 Nd6 18.g4 Ne4 19.gxf5  1/2-1/2

[Event "World op"]
[Site "Philadelphia"]
[Date "1994.??.??"]
[Round "?"]
[White "Yermolinsky, Alex"]
[Black "Fink, Stanley"]
[Result "1-0"]
[WhiteElo "2620"]
[BlackElo "2225"]

1.e4 c5 2.Nf3 e6 3.d4 cxd4 4.Nxd4 Nf6 5.Nc3 d6 6.g4 h6 7.Rg1 Be7 8.Be3 a6
9.h4 h5 10.gxh5 Nxh5 11.Bg5 Nc6 12.Qd2 Bd7 13.O-O-O Nf6 14.f4 Qc7 15.f5 Nxd4
16.Qxd4 d5 17.fxe6 fxe6 18.exd5 Bc5 19.Qc4 b5 20.Qd3 O-O-O 21.Bxf6 gxf6 22.Rg7 Kb8
23.dxe6 Qf4+ 24.Kb1 Bc8 25.Nd5 Qe5 26.e7 Rd6 27.Bg2 Bf5 28.Qf3 Rc8 29.Rc1 Rxd5
30.Qxd5 Qxd5 31.Bxd5 Be3 32.Rg8  1-0

[Event "World op"]
[Site "Philadelphia"]
[Date "1994.??.??"]
[Round "?"]
[White "Yermolinsky, Alex"]
[Black "Fang, Joseph"]
[Result "1-0"]
[WhiteElo "2620"]
[BlackElo "2400"]

1.Nf3 g6 2.e4 Bg7 3.d4 d6 4.Be2 Nf6 5.Nc3 O-O 6.O-O Nc6 7.d5 Ne5 8.Nxe5 dxe5
9.Bc4 Ne8 10.Qe2 Nd6 11.Bb3 a5 12.Rd1 Kh8 13.a4 Bd7 14.Be3 b6 15.f3 Qe8 16.Bc4 f5
17.Bb5 Rg8 18.Bxd7 Qxd7 19.Nb5 f4 20.Bf2 g5 21.Ra3 Bf6 22.Rc3 Rac8 23.g4 fxg3
24.hxg3 g4 25.Rc6 Rg6 26.Rd3 Bh4 27.f4 exf4 28.gxh4 f3 29.Qe1 g3 30.Bd4+ Kg8
31.Rxf3 Qg4 32.Nxd6 Qxh4 33.Qe2 g2 34.Qxg2 Qe1+ 35.Kh2 Rxg2+ 36.Kxg2 exd6
37.Rg3+ Kf8 38.Rcc3 Re8 39.Rcf3+ Ke7 40.Bf2 Qxe4  1-0

[Event "Reno op"]
[Site "Reno"]
[Date "1994.??.??"]
[Round "?"]
[White "Watson, John L"]
[Black "Yermolinsky, Alex"]
[Result "0-1"]
[WhiteElo "2395"]
[BlackElo "2620"]

1.d4 Nf6 2.c4 e6 3.Nf3 Bb4+ 4.Nbd2 O-O 5.a3 Bxd2+ 6.Bxd2 d6 7.g3 Nc6 8.Bc3 Ne4
9.Rc1 e5 10.Bg2 Bg4 11.d5 Ne7 12.O-O f5 13.Nd2 Nxd2 14.Qxd2 f4 15.gxf4 Rxf4
16.f3 Bh5 17.c5 Ng6 18.e3 Rf7 19.f4 exf4 20.exf4 Nh4 21.c6 b6 22.Rce1 Bg4
23.Kh1 Nf5 24.Qf2 Qh4 25.Qxh4 Nxh4 26.h3 Bf5 27.Re3 Raf8 28.Kh2 Bg6 29.Re6 Nxg2
30.Kxg2 Bd3 31.Rd1 Bc4 32.Rd4 Rxf4 33.Rxc4 Rxc4 34.Re7 Rf5 35.Rxg7+ Kf8 36.Rxc7 Rxd5
37.Rxh7 Rxc6 38.Rxa7 Rd3 39.h4 d5 40.Rh7 d4 41.Bb4+ Kg8  0-1

[Event "Seattle op"]
[Site "Seattle"]
[Date "1994.??.??"]
[Round "5"]
[White "Yermolinsky, Alex"]
[Black "Orlov, Georgi"]
[Result "1-0"]
[WhiteElo "2620"]
[BlackElo "2515"]

1.Nf3 d6 2.e4 Nf6 3.Nc3 c6 4.d4 Bg4 5.h3 Bh5 6.Bd3 e6 7.Be3 Be7 8.Qe2 d5
9.exd5 Bxf3 10.Qxf3 cxd5 11.O-O Nc6 12.Ne2 O-O 13.c3 a6 14.Rad1 Rc8 15.Rfe1 Na5
16.Ng3 Nc4 17.Bc1 b5 18.Re2 a5 19.Rc2 Nd6 20.b3 Qd7 21.Bf4 Nfe8 22.Be5 f5
23.Qe2 b4 24.c4 Ne4 25.cxd5 Rxc2 26.Qxc2 exd5 27.f3 Nxg3 28.Bxg3 Bd6 29.Bxd6 Qxd6
30.Bxf5 g6 31.Bd3 Nf6 32.Bf1 Re8 33.Qc5 Qe6 34.Qxa5 Qe3+ 35.Kh1 Nh5 36.Qxd5+ Kg7
37.Qd6 Kh6 38.d5 Ra8 39.Kh2 Rxa2 40.Qf8+ Kg5 41.d6 Qe5+ 42.f4+  1-0

[Event "Seattle op"]
[Site "Seattle"]
[Date "1994.??.??"]
[Round "7"]
[White "Yermolinsky, Alex"]
[Black "Akhmilovskaya, Elena"]
[Result "1/2-1/2"]
[WhiteElo "2620"]
[BlackElo "2410"]

1.d4 Nf6 2.c4 e6 3.Nc3 d5 4.Bg5 Be7 5.e3 Nbd7 6.Nf3 h6 7.Bf4 Ne4 8.Nxe4 dxe4
9.Nd2 e5 10.Bxe5 Nxe5 11.dxe5 Bf5 12.Be2 Qd7 13.O-O O-O-O 14.Nb3 Qe6 15.Nd4 Qxe5
16.Qa4 Kb8 17.b4 Rxd4 18.exd4 Qxd4 19.Qd1 Qxd1 20.Rfxd1 Bxb4 21.Rab1 Bc3
22.Rb3 Bf6 23.c5 Be6 24.Re3 Bxa2 25.Rxe4 c6 26.Bc4 Bxc4 27.Rxc4 Kc7 28.Ra4 a6
29.Rb4 Be7 30.Rc1 Kc8 31.Re4 Bf6 32.Kf1 Rd8 33.Ke2 Kc7 34.f4 a5 35.Ra4 Ra8
36.Rc2 b5 37.cxb6+ Kxb6 38.Rac4 Rc8 39.Rc1 c5 40.Rb1+ Ka6 41.Kd3 Rd8+ 42.Ke2 Bd4
43.Ra4 Re8+ 44.Kd2 Re4 45.Rba1 Rxf4 46.Rxa5+ Kb6 47.R1a2 Kc6 48.Ra8 Kd5 49.Rd8+ Ke4
50.Re8+ Kf5 51.Kd3 g5 52.Rae2 Kg4 53.R2e4 f5 54.Rxf4+ Kxf4 55.Rc8 h5 56.Ke2 h4
57.h3 Kg3 58.Kf1 g4 59.Ra8 Kf4 60.hxg4 fxg4 61.Ra3 Ke4 62.Ke2 g3 63.Ra7 h3
64.Re7+ Kd5 65.Kf3 h2 66.Rh7 Be5 67.Rh4 c4 68.Ke3 Kc5 69.Kd2 Bd4 70.Rh5+ Kd6
71.Ke2 Ke6 72.Kf3 c3 73.Ke2 Kf6 74.Kd3 Kg6  1/2-1/2

[Event "Tilburg rapid20"]
[Site "Tilburg"]
[Date "1994.??.??"]
[Round "2"]
[White "Serper, Grigory"]
[Black "Yermolinsky, Alex"]
[Result "1/2-1/2"]
[WhiteElo "2575"]
[BlackElo "2590"]

1.e4 Nf6 2.e5 Nd5 3.d4 d6 4.c4 Nb6 5.exd6 cxd6 6.Nc3 g6 7.h3 Bg7 8.Nf3 O-O
9.Be3 Nc6 10.Rc1 e5 11.dxe5 Nxe5 12.Nxe5 Bxe5 13.Be2 Be6 14.b3 d5 15.cxd5 Bxc3+
16.Rxc3 Nxd5 17.Rd3 Nxe3 18.Rxd8 Nxd1 19.Rxa8 Rxa8 20.Kxd1 Rc8 21.Bg4 f5
22.Bf3 b6 23.Kd2 Kf7 24.b4 Kf6 25.a3 g5 26.g3 Bb3 27.Rc1 Rxc1 28.Kxc1 Ke5
29.Kd2 Kd4 30.h4 gxh4 31.gxh4 f4 32.Bg2 h6 33.Bf3 Be6 34.Be2 Bc4 35.Bh5 Bd5
36.Be2 Bc6 37.Bd3 Bd7 38.Bg6 Be6 39.Bd3 Bf7 40.Bb1 Bd5 41.Bd3 Be4 42.Bb5 Bb1
43.Be8 Ba2 44.Bg6 Bc4 45.Bh7 Bf7 46.Bb1 Be6 47.Bd3 Bd7 48.Bg6 Bb5 49.Bh7 Bc6
50.Bd3 Bd7 51.Bb1 Be8 52.Bd3 Bc6 53.Bb1 Be4 54.Ba2 Bf5 55.Bb3 f3 56.Bf7 Be4  1/2-1/2

[Event "Tilburg blitz"]
[Site "Tilburg"]
[Date "1994.??.??"]
[Round "2"]
[White "Serper, Grigory"]
[Black "Yermolinsky, Alex"]
[Result "1-0"]
[WhiteElo "2575"]
[BlackElo "2590"]

1.e4 Nf6 2.e5 Nd5 3.d4 d6 4.c4 Nb6 5.exd6 cxd6 6.Nc3 g6 7.h3 Bg7 8.Nf3 O-O
9.Be3 Nc6 10.Rc1 e5 11.d5 Ne7 12.Be2 Nf5 13.Bg5 Bf6 14.Bxf6 Qxf6 15.Ne4 Qd8
16.O-O Nd7 17.g4 Nh4 18.Nxd6 f5 19.Nxh4 Qxh4 20.c5 Nf6 21.Rc3 fxg4 22.Nxc8 gxh3
23.Nd6 Rad8 24.Rg3 Rxd6 25.cxd6 Ne4 26.Rg4 h2+ 27.Kh1 Rxf2 28.Rxe4 Qxe4+
29.Bf3 Rxf1+ 30.Qxf1 Qf5 31.Qg2 Qd7 32.Qg4 Qxd6 33.Qe6+ Qxe6 34.dxe6 b6 35.Kxh2 Kg7
36.Kg3 Kf6 37.Bd5 Ke7 38.Kf3 Kd6 39.Ke4 h5 40.Bc4 b5 41.Bd5 h4 42.Kf3 g5
43.Kg4 e4 44.Bxe4 Kxe6 45.Kxg5 Ke5 46.Bc6 a6 47.Kxh4 Kd4 48.Bb7 a5 49.Bc6 Kc5
50.Be8 a4 51.Kg3 Kb4 52.Kf2 a3 53.bxa3+ Kxa3 54.Bf7  1-0

[Event "Tilburg blitz"]
[Site "Tilburg"]
[Date "1994.??.??"]
[Round "2"]
[White "Yermolinsky, Alex"]
[Black "Serper, Grigory"]
[Result "1/2-1/2"]
[WhiteElo "2590"]
[BlackElo "2575"]

1.d4 Nf6 2.c4 e6 3.Nc3 Bb4 4.Bg5 h6 5.Bh4 c5 6.d5 d6 7.e3 Bxc3+ 8.bxc3 e5
9.f3 Nbd7 10.Bd3 Qe7 11.Qb1 Kd8 12.Ne2 Kc7 13.O-O g5 14.Be1 Nb6 15.a4 a5
16.Ng3 Bd7 17.Rf2 Rhb8 18.Qb3 Qe8 19.Rb2 Ra6 20.Bf5 Bxa4 21.Qa2 Bd7 22.e4 a4
23.Bxd7 Qxd7 24.Rab1 Rba8 25.Nf5 h5 26.Bf2 R8a7 27.Rb5 Nc8 28.Nxd6 Nxd6 29.Bxc5 Nxb5
30.cxb5 b6 31.d6+ Kc8 32.Be3 Ra5 33.Bxb6 Qxd6 34.Qf2 Kb7 35.Bc5 Qd3 36.Qa2 Ra8
37.Qxf7+ Nd7 38.Rb2 Rxb5 39.Bd4 Qd1+ 40.Kf2 Rxb2+ 41.Kg3 exd4 42.Qxd7+ Kb6
43.Qd6+ Kb7 44.Qd7+ Kb6  1/2-1/2

[Event "Chicago op"]
[Site "Chicago"]
[Date "1995.??.??"]
[Round "4"]
[White "Yermolinsky, Alex"]
[Black "Ivanov, Alexander V"]
[Result "1-0"]
[WhiteElo "2580"]
[BlackElo "2280"]

1.Nf3 Nf6 2.c4 b6 3.Nc3 Bb7 4.d4 e6 5.g3 d5 6.cxd5 exd5 7.Qa4+ c6 8.Bg5 Be7
9.e3 O-O 10.Be2 Ne4 11.Bxe7 Qxe7 12.O-O Nxc3 13.bxc3 c5 14.Ne5 c4 15.Rfe1 f6
16.Nf3 Nd7 17.e4 dxe4 18.Nd2 Kh8 19.Nxc4 f5 20.Qb4 Qe6 21.Qd6 Rae8 22.f4 exf3
23.Bxf3 Be4 24.Qxe6 Rxe6 25.Bxe4 fxe4 26.Ne3 g6 27.a4 Rc8 28.c4 Rd6 29.Red1 Nf8
30.a5 Ne6 31.axb6 axb6 32.d5 Nc5 33.Ra7 Rd7 34.Rda1 Rcc7 35.Ra8+ Kg7 36.Rb1 Rd6
37.Rb8 Rb7 38.Rc8 Ra7 39.Rc6 Rxc6 40.dxc6 Kf7 41.Nd5  1-0

[Event "Chicago op"]
[Site "Chicago"]
[Date "1995.??.??"]
[Round "7"]
[White "Gurevich, Dmitry"]
[Black "Yermolinsky, Alex"]
[Result "1-0"]
[WhiteElo "2530"]
[BlackElo "2580"]

1.d4 Nf6 2.c4 e6 3.g3 Bb4+ 4.Nd2 O-O 5.Bg2 d6 6.Nf3 Nc6 7.O-O e5 8.Nb3 exd4
9.Nbxd4 Nxd4 10.Qxd4 Nd7 11.Bd2 a5 12.Bxb4 axb4 13.Rfd1 Qe7 14.Qd2 Nb6 15.Qxb4 Ra4
16.Qc3 Rxc4 17.Qd3 Ra4 18.Nd4 d5 19.b3 Ra6 20.a4 c6 21.e4 dxe4 22.Bxe4 g6
23.Rac1 Nd7 24.Bg2 Qf6 25.Qc3 Ra8 26.h3 h5 27.Qd2 Re8 28.Re1 Rd8 29.Nxc6 bxc6
30.Rxc6 Qg7 31.Re7 Qf8 32.Qg5  1-0